| 000 | 00867nam a22002417a 4500 | ||
|---|---|---|---|
| 005 | 20090526143246.0 | ||
| 008 | 090526t xxu||||| |||| 00| 0 eng d | ||
| 010 | _aENG-93743 | ||
| 020 |
_a9788131305379 _c1295.00 |
||
| 035 | _aEN-77276 | ||
| 037 | _bDBAD / PUB | ||
| 040 |
_adpl _bEnglish |
||
| 082 | _a333.9511 | ||
| 100 | _aMahesh Prasad Singh | ||
| 245 |
_aBiodiversity / _cby Mahesh Prasad Singh |
||
| 260 |
_aNew Delhi _bAPH Publishing _c2009 |
||
| 270 |
_a4435-36/7, Ansari Road, Daryaganj, _bNew Delhi _e110002 |
||
| 300 |
_avi, 359p. _c23cm(Hb) |
||
| 500 | _aIncludes glossary | ||
| 650 | _aBiodiversity. | ||
| 942 |
_2ddc _cEN _h333.9511 _mMAH |
||
| 999 |
_c26818 _d26818 |
||